| 000 | 01065cam a22003014a 4500 | ||
|---|---|---|---|
| 001 | 15003092 | ||
| 005 | 20201128013524.0 | ||
| 008 | 070911s2007 moua b 001 0 eng | ||
| 010 | _a2007280292 | ||
| 020 | _a9781416034360 | ||
| 020 | _a999603769x (CD- Rom) | ||
| 040 |
_aDLC _cDLC _dDLC |
||
| 050 | 0 | 0 |
_aRT41 _b.F86 2004 |
| 082 | 0 | 0 |
_a610.73068 _222 _bHAR |
| 245 | 0 | 0 |
_aFundamentals of Nursing : _bCaring and Clinical Judgement / _c[edited by] Helen Harkreader, Mary Ann Hogan, Marshelle Thobaben. |
| 250 | _a3rd ed. | ||
| 260 |
_aSt. Louis, Mo. : _bSaunders/Elsevier, _cc2007. |
||
| 300 |
_axxx, 1394 p. : _bill. (some col.) ; _c29 cm. + _e1 CD-ROM (4 3/4 in.) |
||
| 500 | _aIncludes indexes. | ||
| 650 | 0 |
_aNursing _xPractice. _98262 |
|
| 650 | 0 |
_aNursing. _98263 |
|
| 650 | 0 |
_aNursing _xPractice _zUnited States. _98264 |
|
| 700 | 1 |
_aThobaben, Marshelle _92156 |
|
| 700 | 1 |
_aHogan, Mary Ann, _cMSN. _98265 |
|
| 700 | 1 |
_aHarkreader, Helen _cMSN. _92155 |
|
| 942 |
_2ddc _cBB |
||
| 999 |
_c10849 _d10849 |
||